| 000 | 00917nas a2200301 4500 | ||
|---|---|---|---|
| 001 | BR2016004101 | ||
| 003 | BR-BrBNA | ||
| 005 | 20231205130628.0 | ||
| 007 | ta | ||
| 008 | 230509b bl.|||p| |||| 00| 00por d | ||
| 040 |
_aBR-BrBNA _bpor _cBiblioteca Nacional de Agricultura |
||
| 041 | _a(En) | ||
| 072 | _aF30 | ||
| 100 | 1 | _aCouto, E.G. de O. | |
| 100 | 1 | _aPinho, E.V. de R. von | |
| 100 | 1 | _aPinho, R.G. von | |
| 100 | 1 | _aVeiga, A.D. | |
| 100 | 1 | _aBustamante, F. de O. | |
| 100 | 1 | _aDias, K.O. das G. | |
| 245 | 1 | _aIn vivo haploid induction and efficiency of two chromosome duplication protocols in tropical maize | |
| 650 | _aMILHO | ||
| 650 | _aLINHAGEM | ||
| 650 | _aGENÓTIPO | ||
| 650 | _aCRUZAMENTO | ||
| 773 | 0 |
_tCiência e Agrotecnologia (Brazil) _xISSN 1413-7054 _g(Sep-Oct 2015), v. 39(5) p. 435-442 _wBR2016004101 |
|
| 909 |
_a202311 _bLúcia _c55 _dLúcia Elande |
||
| 942 |
_2AGRIS _n0 _cANA |
||
| 999 |
_c250422 _d250422 |
||